000 00707nam a2200289Ia 4500
005 20260324135109.0
008 008 260324s9999 xx 000 0 eng d
020 _a9781315192765
037 _aEBOOK
040 _aCRL
040 _beng
040 _cCRL
041 _2eng
041 _aeng
084 _qCRL
100 _aBrian J. Hesse
_91199322
245 4 _aThe United States, South Africa and Africa
245 0 _bOf Grand Foreign Policy Aims and Modest Means
260 _bTaylor and Francis
260 _c2001
365 _a
365 _b130
856 _uhttp://www.taylorfrancis.com/books/9781315192765
942 _cEBOOK
999 _c1800050
_d1800050